00512nmm a2200157Ia 4500008004100000020001800041041000800059100004800067245004000115264008400155300001800239650002200257856005100279942000700330999001700337251105s9999||||xx |||||||||||||||||und|| a9788490114070 aspa aRenglones de Ficción, Colectivo Literario 0aSi te digo que la burra es negra... a[Madrid, España] :bVision Libros, c[Fecha de publicación no identificada] a172 páginas aSpanish narrative uhttps://public.digitaliapublishing.com/a/88996 cCF c87486d87486